000 00318nam a2200145Ia 4500
008 230718s9999 xx 000 0 und d
041 _aEng.
082 _a345.49
_bK.L-K
100 _aK.L.R
245 0 _aKey Law Reporter
260 _aPakistan
_bPakistan Law
_c2002
300 _a626
650 _aLaw
999 _c32665
_d32665